| 000 | nam a22 a 4500 | ||
|---|---|---|---|
| 999 |
_c378553 _d378553 |
||
| 003 | BLK | ||
| 005 | 20200803105505.0 | ||
| 008 | 200311b bul|||||r ||||||| ||bul|| | ||
| 040 | _aBLK | ||
| 041 |
_aBUL _cBUL |
||
| 080 |
_aТруд. Работодател. Работник. Наука за труда. Икономика на труда. Организация на труда. Вж и 001.89;311;312;338.26/.28;349.2;351.83;368.4;316.6;614.8;658.3 _b331 _z331 |
||
| 100 |
_aПрохоров, В. _eПърви автор _9422621 |
||
| 139 | _aПрохоров, В. | ||
| 245 | 1 | 0 |
_aПрофсъюзите и творческата инициатива на масите _cВ. Прохоров; Прев. от рус. Катя Койчева. |
| 257 | _aBGR | ||
| 260 |
_aСофия _bПрофиздат _c1962 |
||
| 300 |
_a76 с. _c18,5 см |
||
| 380 | _a3 | ||
| 490 | 1 |
_aБиблиотека Челен съветски опит _v- 5 |
|
| 500 | _a5 100 тир. | ||
| 650 | 4 |
_aПрофсъюзи - СССР - задачи и значение _9422622 |
|
| 653 | 7 |
_aпрофсъюзно движение _9194825 |
|
| 700 | 1 |
_aКойчева, Катя _eПрев. от рус. _9422623 |
|
| 852 |
_aЦб І 5378 _bЦб |
||
| 942 |
_cKNG _n0 _s1 |
||
| 944 |
_aCR _c2020-08-03 _kМикаела Микова - Илиева |
||
| 999 | _d378553 | ||
| 999 | _d412357 | ||